Регионална библиотека "Любен Каравелов" - Русе

Bylo, nebylo (Запис номер 141204)

MARC детайли
000 -Лидер
Контролно поле с фиксирана дължина 01541nam a2200349 c 4500
003 - Код на организацията, давaща контролен номер
Контролно поле BLK
005 - Дата и час на последна редакция
Контролно поле 20240710005454.0
008 - Елементи от данни с фиксирана дължина
fixed length control field 180409b bul|||||r ||||||| ||bul||
010 ## - Наследен системен номер
LC control number KNG00147274000
040 ## - Източник на каталожния запис
Идентификатор на билиотеката - собственик на записа BLK
041 ## - Код за език
Код за езика на текст/звукозапис или на отделно заглавие
Код за езика КДБФ Други славянски езици
080 ## - УДК
Текстов определител УДК Българска литература
УДК код - определител по УДК 821.163.2
УДК определител -93-34
УДК - код + определител 821.163.2-93-34
100 1# - Редна дума - Автор
Автор Karalijcev, Angel Ivanov
Авторска отговорност първи автор
R(LIN) 378925
139 ## - Редно поле
Редна дума Karalijcev, Angel Ivanov
Авторски знак Kar - K 21
245 10 - Сведения за заглавието
Заглавие Bylo, nebylo
Подзаглавни данни Приказки
Редно поле (дума) Angel Ivanov Karalijcev; ill. Aleksandr Denkov; prekl. [от бълг. на чеш.] Hana Reinerova; * Aleksandar Denkov; * Ангел Иванов Каралийчев; * Александър Гаврилов Денков.
257 ## - Страна на издаване
Страна на създаване/издаване България
260 ## - Област на издателските данни
-- Sofia
Име на издателя, разпространителя и проч. Bulg. Chudoznik
Година на издаване 1986
300 ## - Физическа характеристика
Страници 96 с.
Илюстрации и др. с цв. ил.
Размери/Мащаб 23 см
380 ## - Жанр
Жанр Детска худож. лит.
500 ## - Общи забележки
Забележка Ориг. загл. Имало едно време. - 20 080 тир.
700 1# - Други автори (авторска отговорност)
Лично име Denkov, Aleksandr
Автороска отговорност (Описва отношението между автора и произведението) ill.
9 (RLIN) 327295
700 1# - Други автори (авторска отговорност)
Лично име Reinerova, Hana
Автороска отговорност (Описва отношението между автора и произведението) prekl. [от бълг. на чеш.]
9 (RLIN) 22251
700 1# - Други автори (авторска отговорност)
Лично име Denkov, Aleksandar
Автороска отговорност (Описва отношението между автора и произведението) *
9 (RLIN) 326710
700 1# - Други автори (авторска отговорност)
Лично име Каралийчев, Ангел Иванов
Дати, свързани с автора 1902-1972
Автороска отговорност (Описва отношението между автора и произведението) *
9 (RLIN) 76702
700 1# - Други автори (авторска отговорност)
Лично име Денков, Александър Гаврилов
Автороска отговорност (Описва отношението между автора и произведението) *
9 (RLIN) 376146
852 ## - Местоположение
Форматна сигнатура Цб 259066
856 4# - Електронен адрес и достъп
Електронен формат pdf - файл
Път до файла /url/
856 4# - Електронен адрес и достъп
Електронен формат pdf - файл
Път до файла /url/
942 ## - АРТИКУЛИ
Вид на библиотечния материал Книги
Скрит в OPAC Не
944 ## - СЪЗДАВАНЕ И РЕДАКЦИЯ на ЗАПИСА
Създаване/Редакция Създаване
Дата на регистрацията/редакция 25.07.2013
Статус, дата на статуса CRON CRON
Служител, извършил регистрацията/редакцията
944 ## - СЪЗДАВАНЕ И РЕДАКЦИЯ на ЗАПИСА
Създаване/Редакция Редакция
Дата на регистрацията/редакция 25.07.2013
Статус, дата на статуса 25.07.2013 - от С1,Р / 25.07.2013
Служител, извършил регистрацията/редакцията
999 ## - СИСТЕМНИ КОНТРОЛНИ НОМЕРА
Koha biblionumber 141204
Koha biblioitemnumber 141204
Наличности
Код за отписване Код за изгубен артикул Източник на класификационната схема Код за повреда Коз за рестрикции Код за отдаване Артикулен № Име на библиотеката - собственик Име на библиотеката, в която се намира в момента Статус (Текущо местоположение) Дата на вписване в системата Местоположение - отдел Цена в лева Инвентарен номер Систематично азбучна сигнатура Баркод Номер на екземпляра Цена в евро Служебна бележка Служебен тип на артикула
  Не е изгубен Universal Decimal Classification Не е повреден без рестрикции ползва се в читалня 232347 Регионална библиотека "Любен Каравелов" Русе Регионална библиотека "Любен Каравелов" Русе Хранилище 1986-01-01 Хранилище 0.00 449081 Цб 259066 120000449081 1 0.00 Вид: Сф N: стар фонд Дата: 01.01.1986 Книги
Vip Innovations Ltd, Rousse, Bulgaria 2025